00309nam a22001097a 4500003000400000020001800004082001600022100001600038245006900054260006800123300000800191SGT a9789384280345 a301.2bB17R a रमा  a भारतीय शिक्षा व्यवस्था  bसंवाद मीडिया प्रा. लि. c2017 a204